LEADER 01058nam0 22002651i 450 001 UON00518063 005 20231205105531.858 100 $a20231006d1987 |0itac50 ba 101 $aita 102 $aIT 105 $a|||| ||||| 200 1 $aˆSulla ‰psicoanalisi$fArthur Schnitzler$gcon in appendice il carteggio Schnitzler-Reik e le lettere di Freud a Schnitzler$ga cura di Luigi Reitani 210 $aMilano$cSE$d[1987] 215 $a126 p.$d23 cm 606 $aNARRATIVA TEDESCA$3UONC084005$2FI 620 $aIT$dMilano$3UONL000005 676 $a833$cLetteratura narrativa tedesca$v21 700 1$aSCHNITZLER$bArthur$3UONV020180$0320902 790 1$aSNITCLER, Artur$zSCHNITZLER, Arthur$3UONV209328 801 $aIT$bSOL$c20240220$gRICA 899 $aSIBA - SISTEMA BIBLIOTECARIO DI ATENEO$2UONSI 912 $aUON00518063 950 $aSIBA - SISTEMA BIBLIOTECARIO DI ATENEO$dSI F. Goethe 830.50 SCHNI 4090 $eSI 45986 5 4090 996 $aPsicoanalisi$93904372 997 $aUNIOR